Alcool Doux 10° à 18° Mort Subite - Statistiques

Statistiques générales
  • Ce quiz a été pris 1 039 fois
    319 depuis la dernière actualisation
  • Le résultat moyen est 3 sur 23
Answers on the Grid
Answers color-coded by a green-red scale on the quiz's grid according to % correct below.
Mousseux
Malibu
Get 31
Suze
Leffe Rituel
Everclear
Liqueur de pêche
Vin
Triple Karmeliet
Ambassadeur
Martini
Paix-Dieu
Get 27
Champagne
Baileys
Menthe Pastille
Kahlua
Passoa
Vodka
Amaretto
Apérol
Picon
Pétillant
Amsterdam Maximator
Soho
Limoncello
Xeres
Tequila
Kir
Lillet
Hoegaarden
Vermouth
Crème de Cassis
Marsala
Cidre
Dubonnet Rouge
 
Statistiques - réponses
Réponse % Correct
Vin
45%
Champagne
32%
Get 27
31%
Malibu
23%
Apérol
22%
Martini
19%
Kir
17%
Paix-Dieu
17%
Baileys
16%
Crème de Cassis
14%
Suze
14%
Picon
12%
Soho
12%
Passoa
10%
Amsterdam Maximator
9%
Liqueur de pêche
8%
Lillet
5%
Ambassadeur
3%
Vermouth
3%
Dubonnet Rouge
1%
Kahlua
1%
Marsala
1%
Xeres
1%
Aucun quiz correspondant
Distribution des résultats
% des personnes avec chaque résultat
Percentile par nombre de réponses
Votre historique - résultats
Vous n’avez pas pris ce quiz depuis la dernière actualisation